Rozsypanka literowa - Miasta na prawach powiatu - Statystyki

Ogólne statystyki
  • Ten quiz został rozwiązany 17 razy
  • Średni wynik to 17 z 20
Statystyki odpowiedzi
Miasto % Poprawnych
Białystok
100%
Bytom
100%
Chełm
100%
Częstochowa
100%
Elbląg
100%
Gdańsk
100%
Gdynia
100%
Gliwice
100%
Jaworzno
100%
Kalisz
100%
Kielce
100%
Kraków
100%
Krosno
100%
Legnica
100%
Leszno
100%
Łomża
100%
Olsztyn
100%
Opole
100%
Piotrków Trybunalski
100%
Płock
100%
Przemyśl
100%
Rybnik
100%
Rzeszów
100%
Skierniewice
100%
Słupsk
100%
Sopot
100%
Świnoujście
100%
Szczecin
100%
Tarnów
100%
Wałbrzych
100%
Warszawa
100%
Włocławek
100%
Wrocław
100%
Zabrze
100%
Zamość
100%
Żory
100%
Radom
89%
Grudziądz
86%
Konin
86%
Poznań
86%
Toruń
83%
Tychy
83%
Bydgoszcz
80%
Mysłowice
80%
Siedlce
80%
Świętochłowice
80%
Tarnobrzeg
80%
Lublin
75%
Ostrołęka
75%
Koszalin
67%
Piekary Śląskie
67%
Bielsko-Biała
60%
Dąbrowa Górnicza
60%
Jelenia Góra
60%
Zielona Góra
60%
Gorzów Wielkopolski
57%
Suwałki
57%
Biała Podlaska
50%
Chorzów
50%
Jastrzębie-Zdrój
50%
Ruda Śląska
50%
Sosnowiec
50%
Katowice
40%
Łódź
0%
Nowy Sącz
0%
Siemianowice Śląskie
0%
Nie znaleziono quizów pasujących do podanych kryteriów
Rozkład punktacji
Procent ludzi z każdym wynikiem
Percentyl według liczby udzielonych odpowiedzi
Twoja historia wyników
Nie rozwiązałeś tego quizu